000 00495nam a2200181Ia 4500
001 2129
005 20260306143819.0
008 260306t1998||||xx |||||||||||||| ||spa||
041 _aESP
082 _a613.9
_bI59
100 _aLeon, Federico R. (ed.)
_eAUT
245 0 _aInvestigación de operaciones en planificación familiar y salud reproductiva:
_bconceptos y casos
260 _c1998
300 _a149 páginas :
_c24 cm.
650 _aGEN
654 _aCPS
942 _cLIB
_dJUS
_fJUS
_2ddc
_n
999 _c2129
_d2129